00363nam a2200145Ia 4500001000500000005001700005008004100022041000800063082001700071100002800088245007800116300000700194650000800201654000800209360820260306145656.0260306t9999||||xx |||||||||||||| ||spa|| aESP a299.895bM12 aMacCormack, SabineeAUT 0aReligión en los Andes :bvisiones e imaginación en el Perú Colonial ac aGEN aCHU